Kraje z największą liczbą osób mówiących po turecku - Statystyki

Ogólne statystyki
  • Ten quiz został rozwiązany 496 razy
  • Średni wynik to 6 z 10
Statystyki odpowiedzi
# Użytkownicy % Państwo % Poprawnych
74,0 mln 93.4 Turcja
99%
1,50 mln 1.8 Niemcy
80%
116 tys 0,03 Stany Zjednoczone
76%
221 tys 0,03 Francja
71%
600 tys 8.4 Bułgaria
68%
300 tys 3.5 Cypr
66%
250 tys 1.4 Holandia
46%
113 tys 0,09 Belgia
45%
200 tys 2.2 Austria
41%
130 tys 0,04 Uzbekistan
15%
Nie znaleziono quizów pasujących do podanych kryteriów
Rozkład punktacji
Procent ludzi z każdym wynikiem
Percentyl według liczby udzielonych odpowiedzi
Twoja historia wyników
Nie rozwiązałeś tego quizu